000 00892nam a22002897a 4500
001 4905
003 FISKH
005 20241023131835.0
008 241023b cb ||||| |||| 00| 0 eng d
020 _a08904808605
040 _aFISKH
_beng
_cFISKH
_dFISKH
050 _aQM101
082 _a611.71
100 _aCumbaa, Stephen
245 _aThe Bones Book & Skeleton /
_cby Stephen Cumbaa
250 _aFirst printing October 1991
260 _aNew York :
_bWorkman Publishing ;
_c1991 .
300 _a64 pages :
_bcolor illustrations ;
_c21 cm .
505 _aZ
520 _aA collection of activities, quizzes, games, puzzles, and experiments exploring the human body and how it works.
521 8 _a1150
_bLexile IG
521 8 _aZ
_bRaz-Plus
650 _abones
_vnon-fiction
700 _aFave, Kim La
_eillustrator
942 _2ddc
_cBK
_n0
999 _c4905
_d4905